Česko-ruský slovník pro hospodářskou sféru přes 65 000 slovních spojení v 11 500 slovníkových heslech

Salvato in:
Dettagli Bibliografici
Autore principale: Vavrečka, Mojmír
Altri autori: Rudincová, Blažena, Hrdlička, Milan
Natura: Libro
Lingua:russo
ceco
Pubblicazione: Praha Centr Evropy 1999
Soggetti:
Tags: Aggiungi Tag
Nessun Tag, puoi essere il primo ad aggiungerne!!

MARC

LEADER 00000nam$a2200000$$$4500
001 0023156
005 20221129101253.7
020 |a 80-902758-0-X 
041 0 |a rus 
041 0 |a cze 
044 |a CZ 
245 1 0 |a Česko-ruský slovník pro hospodářskou sféru  |b přes 65 000 slovních spojení v 11 500 slovníkových heslech  |c Mojmír Vavrečka - Blažena Rudincová - Milan Hrdlička 
264 1 |a Praha  |b Centr Evropy  |c 1999 
300 |a 610 s. 
610 2 0 |a jazyky cudzie 
610 2 0 |a jazykoveda 
610 2 0 |a terminológia 
610 2 0 |a spolupráca hospodárska medzinárodná 
100 1 |a Vavrečka, Mojmír 
700 1 |a Rudincová, Blažena 
700 1 |a Hrdlička, Milan